| 000 | 00777nam a22001937a 4500 | ||
|---|---|---|---|
| 005 | 20230606142314.0 | ||
| 008 | 230606b ||||| |||| 00| 0 eng d | ||
| 040 |
_aCO-BoUCM _cDavid Moreno _dDavid Moreno |
||
| 041 | _aspa | ||
| 100 | 1 |
_aBoulton, Alfredo _d1908- _9177932 |
|
| 245 | 1 |
_a20 retratos del General José Antonio Paez/ _cAlfredo Boulton ; aportación gráfica de Diego Bosque García. |
|
| 260 |
_aCaracas _bEdiciones de la Presidencia de la República _c1972 |
||
| 300 |
_a103 Paginas _bilustraciones |
||
| 490 | _a Enrique Uribe White-Colección. | ||
| 600 |
_aPaéz, José Antonio _y1790-1873 _9177933 |
||
| 700 | 1 |
_aBosque García, Diego _eilustrador _9177934 |
|
| 942 |
_2DEWEY _a21 _cLIBRO _e1 _h923.587 _kC _mB68v _n0 |
||
| 999 |
_c322762 _d322762 |
||